UM Logo

Teaching reading: (Record no. 5218)

MARC details
000 -LEADER
fixed length control field 00513nam a22001457a 4500
008 - FIXED-LENGTH DATA ELEMENTS--GENERAL INFORMATION
fixed length control field 161014b xxu||||| |||| 00| 0 eng d
020 ## - INTERNATIONAL STANDARD BOOK NUMBER
International Standard Book Number 9711111454
082 ## - DEWEY DECIMAL CLASSIFICATION NUMBER
Edition number 2002
Classification number DFil 372.4
Item number Sa5
100 ## - MAIN ENTRY--PERSONAL NAME
9 (RLIN) 16196
Personal name Santos, Natividad A.
245 ## - TITLE STATEMENT
Title Teaching reading:
Remainder of title sample integrated lessons in reading grade 3 - grade 6/
Statement of responsibility, etc. Natividad A. Santos
260 ## - PUBLICATION, DISTRIBUTION, ETC. (IMPRINT)
Place of publication, distribution, etc. Quezon City:
Name of publisher, distributor, etc. JMC Press, Inc.,
Date of publication, distribution, etc. c2002.
300 ## - PHYSICAL DESCRIPTION
Extent iii, 106 pages;
Dimensions 25 cm.
650 #0 - SUBJECT ADDED ENTRY--TOPICAL TERM
9 (RLIN) 16198
Topical term or geographic name as entry element Reading
General subdivision Study and teaching (Elementary)
942 ## - ADDED ENTRY ELEMENTS (KOHA)
Source of classification or shelving scheme Dewey Decimal Classification
Koha item type Filipiniana
Holdings
Withdrawn status Lost status Source of classification or shelving scheme Damaged status Not for loan Collection code Home library Current library Date acquired Source of acquisition Total Checkouts Full call number Barcode Date last seen Copy number Cost, replacement price Price effective from Koha item type
    Dewey Decimal Classification     Filipiniana UM Digos College - LIC UM Digos College - LIC 09/25/2003 Purchased   DFil 372.4 Sa5 2002 15909 05/15/2025 1 105.00 10/14/2016 Filipiniana
    Dewey Decimal Classification     Filipiniana UM Digos College - LIC UM Digos College - LIC 09/25/2003 Purchased   DFil 372.4 Sa5 2002 15910 10/14/2016 2 105.00 10/14/2016 Filipiniana